Fallo del primer mundial de poesía mística "Fernando Rielo" [ (Record no. 4610)

MARC details
000 -LEADER
campo de control de longitud fija 00937njm a2200253 i 4500
001 - NÚMERO DE CONTROL
campo de control 4610
003 - IDENTIFICADOR DE NÚMERO DE CONTROL
campo de control ES-MaACL
005 - FECHA Y HORA DE LA ÚLTIMA TRANSACCIÓN
campo de control 20240603181810.0
007 - CAMPO FIJO DE DESCRIPCIÓN FÍSICA--INFORMACIÓN GENERAL
campo de control de longitud fija s|r|||||||||||
008 - DATOS DE LONGITUD FIJA--INFORMACIÓN GENERAL
campo de control de longitud fija 070801q19601969sp ||| g ||||||||1|nspa d
245 00 - MENCIÓN DEL TÍTULO
Título Fallo del primer mundial de poesía mística "Fernando Rielo" [
Medio Grabación sonora] /
Mención de responsabilidad, etc. interviene Fernando Rielo.
260 ## - PUBLICACIÓN, DISTRIBUCIÓN, ETC.
Lugar de publicación, distribución, etc. Madrid :
Nombre del editor, distribuidor, etc. Ateneo de Madrid,
Fecha de publicación, distribución, etc. [196-?]
300 ## - DESCRIPCIÓN FÍSICA
Extensión 2 discos (CD-DA) (2 h. 7 min. 20 seg.) ;
Dimensiones 12 cm.
500 ## - NOTA GENERAL
Nota general Datos basados en invitación.
518 ## - NOTA DE FECHA/HORA Y LUGAR DE UN ACONTECIMIENTO
Nota de fecha/hora y lugar de un acontecimiento Acto organizado por el Ateneo de Madrid.
610 24 - PUNTO DE ACCESO ADICIONAL DE MATERIA--NOMBRE DE ENTIDAD CORPORATIVA
Nombre de entidad corporativa o nombre de jurisdicción como elemento de entrada Ateneo de Madrid-
Subdivisión general Actos culturales-
Subdivisión cronológica 196-?-
Subdivisión de forma Grabaciones sonoras.
9 (RLIN) 1877
650 14 - PUNTO DE ACCESO ADICIONAL DE MATERIA--TÉRMINO DE MATERIA
Término de materia o nombre geográfico como elemento de entrada Premios literarios-
Subdivisión geográfica España.
9 (RLIN) 16348
700 1# - ENTRADA AGREGADA--NOMBRE PERSONAL
Nombre de persona Rielo, Fernando.
9 (RLIN) 97091
710 2# - ENTRADA AGREGADA--NOMBRE DE ENTIDAD CORPORATIVA
Nombre de entidad corporativa o nombre de jurisdicción como elemento de entrada Ateneo de Madrid.
9 (RLIN) 1875
852 ## - LOCALIZACIÓN
Ubicación ES-MaACL
Número de control de estantería ROT 3/1/1
itemnumber 4727
Ubicación en estantería Rotativo
852 ## - LOCALIZACIÓN
Ubicación ES-MaACL
Número de control de estantería ROT 3/1/2
itemnumber 202962
Ubicación en estantería Rotativo
942 ## - ELEMENTOS DE ENTRADA SECUNDARIOS (KOHA)
Fuente del sistema de clasificación o colocación Clasificación decimal universal
Tipo de ítem Koha Archivo de ordenador en CD-ROM, CD o disquete
Holdings
Estatus retirado Estado de pérdida Fuente del sistema de clasificación o colocación Estado de daño No para préstamo Colección Biblioteca de origen Biblioteca actual Ubicación en estantería Fecha de adquisición Total de préstamos Signatura topográfica completa Código de barras Visto por última vez Precio de reemplazo Tipo de ítem Koha
    Clasificación decimal universal     Archivo de la palabra Biblioteca del Ateneo de Madrid Biblioteca del Ateneo de Madrid Rotativo 17/01/2008   ROT 3/1/1 1004673 23/02/2023 23/02/2023 Archivo de ordenador en CD-ROM, CD o disquete
    Clasificación decimal universal     Archivo de la palabra Biblioteca del Ateneo de Madrid Biblioteca del Ateneo de Madrid Rotativo 17/01/2008   ROT 3/1/2   03/06/2024 23/02/2023 Archivo de ordenador en CD-ROM, CD o disquete